000 00546nam a22001937a 4500
005 20251108165150.0
008 250721s2007 xx 000 0 ara d
082 1 4 _a812.962/حكي
100 1 _aالحكيم، توفيق
_eمؤلف
245 1 0 _aالملك أوديب : المسرحيات /
250 _aط2
264 1 _aالقاهرة :
_bدارالشروق،
_c2007.
300 _a171ص.
650 1 7 _aالادب العربي
650 1 7 _aالمسرحيات العربيه
650 1 7 _aمصر
942 _2ddc
_cBK
999 _c21079
_d21079